Para entender la migración a Estados Unidos: el papel de la fuerza de trabajo barata mexicana en el mercado laboral transnacional /

El presente artículo se dedica al análisis del nuevo dinamismo de la migración mexicana hacia Estados Unidos en el contexto de la integración económica auspiciada por el TLCAN. Mediante la conceptuación del modelo exportador de fuerza de trabajo se diseccionan tres mecanismos básicos de la integraci...

Descrizione completa

Salvato in:
Dettagli Bibliografici
Autore principale: Delgado Wise, Raúl
Altri autori: Márquez Covarrubias, Humberto
Natura: testo
Soggetti:
Tags: Aggiungi Tag
Nessun Tag, puoi essere il primo ad aggiungerne!!

MARC

LEADER 00000 a a2200000 04500
001 12914
003
040
100 |a Delgado Wise, Raúl  
245 |a Para entender la migración a Estados Unidos:   |b el papel de la fuerza de trabajo barata mexicana en el mercado laboral transnacional /  |c Raúl Delgado Wise ; Humberto Márquez Covarrubias 
520 |a El presente artículo se dedica al análisis del nuevo dinamismo de la migración mexicana hacia Estados Unidos en el contexto de la integración económica auspiciada por el TLCAN. Mediante la conceptuación del modelo exportador de fuerza de trabajo se diseccionan tres mecanismos básicos de la integración económica regional: la maquila, la maquila encubierta y la migración laboral. Este marco analítico permite revisar las condiciones de precarización laboral en el horizonte trasnacional México-Estados Unidos. Se argumenta que México desempeña el papel de reserva laboral asociado a: a) la precarización y flexibilización laboral en México en el empleo formal e informal   |a b) el diferencial salarial entre ambos países   |a c) la demanda de mano de obra barata en Estados Unidos, y d) el papel asignado a los trabajadores mexicanos en la reestructuración productiva estadounidense  
650 |a TRABAJADORES  
650 |a MIGRACION LABORAL  
650 |a EMPLEO PRECARIO  
650 |a MIGRACION  
650 |a ESTADOS UNIDOS  
650 |a MEXICO  
700 |a Márquez Covarrubias, Humberto  
773 |g volumen 2, número 4 Edición; páginas 43-66  
999 |c 38808  |d 38808